[Event "Winnipeg Shpan Memorial"]
[Site "Winnipeg"]
[Date "2007.11.27"]
[Round "4"]
[White "Wasserman, Arie"]
[Black "Campbell, Gary"]
[Result "1/2-1/2"]
[WhiteElo "1583"]
[BlackElo "1665"]
[PlyCount "58"]
[EventDate "2007.11.06"]
[EventType "swiss"]
[EventRounds "6"]
[EventCountry "CAN"]
[SourceTitle "EXT 2022"]
[Source "ChessBase"]
[SourceDate "2021.10.06"]
[SourceVersion "1"]
[SourceVersionDate "2021.10.06"]
[SourceQuality "1"]

1. e4 c5 2. Bc4 e6 3. Nf3 d5 4. exd5 exd5 5. Bb5+ Bd7 6. Qe2+ Be7 7. Ne5 Nf6 8. Bxd7+ Nbxd7 9. 0-0 0-0 10. Nxd7 Qxd7 11. d3 Rfe8 12. Qf3 Bd8 13. Bg5 Re5 14. Bd2 Bc7 15. Nc3 Rh5 16. g3 Ng4 17. Rfe1 Nf6 18. Re2 Rf5 19. Qg2 Re5 20. Rae1 Rae8 21. Rxe5 Rxe5 22. Rxe5 Bxe5 23. Bg5 Bxc3 24. bxc3 Qe6 25. Bxf6 gxf6 26. Kf1 Qe5 27. Qf3 Qxc3 28. Qg4+ Kf8 29. Qc8+ Kg7 1/2-1/2

[Event "Winnipeg TNT September op"]
[Site "Winnipeg"]
[Date "2007.09.25"]
[Round "4"]
[White "Wasserman, Arie"]
[Black "Reimer, Bruce"]
[Result "1-0"]
[WhiteElo "1601"]
[BlackElo "1541"]
[PlyCount "91"]
[EventDate "2007.09.04"]
[EventType "swiss"]
[EventRounds "4"]
[EventCountry "CAN"]
[SourceTitle "EXT 2022"]
[Source "ChessBase"]
[SourceDate "2021.10.06"]
[SourceVersion "1"]
[SourceVersionDate "2021.10.06"]
[SourceQuality "1"]

1. e4 Nf6 2. Nc3 d5 3. exd5 Nxd5 4. Nxd5 Qxd5 5. Qf3 Qa5 6. Bc4 e6 7. Ne2 Nc6 8. Bb3 Bd6 9. c3 Ne5 10. Qe4 0-0 11. d4 Nd7 12. Bc2 Nf6 13. Qd3 Qh5 14. Ng3 Qd5 15. 0-0 b6 16. c4 Ba6 17. cxd5 Bxd3 18. Bxd3 Nxd5 19. Ne4 Rad8 20. Nxd6 Rxd6 21. Bc4 Nb4 22. Be3 Nc2 23. Rad1 Rfd8 24. Bg5 f6 25. Be3 c5 26. Bb3 cxd4 27. Bf4 Rc6 28. Bxc2 Rxc2 29. Rd2 d3 30. Rfd1 Rxd2 31. Rxd2 e5 32. Be3 e4 33. f3 f5 34. fxe4 fxe4 35. g3 Rf8 36. Rf2 Rxf2 37. Kxf2 Kf7 38. Bd4 g5 39. Ke3 Ke6 40. g4 Kd5 41. Bf6 Ke6 42. Bxg5 Kf7 43. Kxe4 Kg6 44. h4 h5 45. gxh5+ Kxh5 46. Kxd3 1-0